[Event "Open Nuevo Centro. Jornada 5"]
[Site "Chess.com"]
[Date "2020.07.17"]
[Round "1"]
[White "Donate Moreno, Silvia"]
[Black "Miranda Calvo, Max Rodrigo"]
[Result "1-0"]
[WhiteElo "2005"]
[BlackElo "1315"]
[PlyCount "24"]
[EventDate "2020.??.??"]

1. e4 e5 2. Nf3 Nc6 3. Bb5 Nd4 4. Nxd4 exd4 5. c3 c6 6. Bc4 b5 7. Bb3 d3 8. Qf3
d5 9. exd5 c5 10. d6 c4 11. Qxa8 cxb3 12. Qe4+ Be6 1-0

[Event "Open Nuevo Centro. Jornada 5"]
[Site "Chess.com"]
[Date "2020.07.17"]
[Round "1"]
[White "Más Ripoll, Vicente"]
[Black "Aguado, Pablo Luis"]
[Result "0-1"]
[WhiteElo "1082"]
[BlackElo "1926"]
[PlyCount "30"]
[EventDate "2020.??.??"]

1. e4 c5 2. Nf3 d6 3. d4 cxd4 4. Nxd4 Nf6 5. Nc3 g6 6. Be3 Bg7 7. Bd3 O-O 8.
O-O Nc6 9. f4 Qb6 10. Kh1 Ng4 11. Bg1 Nxd4 12. Nb5 a6 13. Nxd4 Bxd4 14. h3 Bxg1
15. Rxg1 Nf2+ 0-1

[Event "Open Nuevo Centro. Jornada 5"]
[Site "Chess.com"]
[Date "2020.07.17"]
[Round "1"]
[White "Pallardo Lozoya, Jose Vicente"]
[Black "Saiz Sapena, Veronica"]
[Result "1-0"]
[WhiteElo "2279"]
[BlackElo "1611"]
[PlyCount "43"]
[EventDate "2020.??.??"]

1. e4 c6 2. Nf3 d5 3. Nc3 dxe4 4. Nxe4 Nf6 5. Qe2 Nxe4 6. Qxe4 Nd7 7. Bc4 Nf6
8. Ne5 e6 9. Qe2 Bd6 10. b3 Qc7 11. Bb2 Be7 12. a4 a5 13. O-O b6 14. Rae1 Bd7
15. f4 Nd5 16. f5 O-O 17. Bxd5 cxd5 18. Nxd7 Qxd7 19. f6 Bxf6 20. Rxf6 gxf6 21.
Qg4+ Kh8 22. Bxf6# 1-0

[Event "Open Nuevo Centro. Jornada 5"]
[Site "Chess.com"]
[Date "2020.07.17"]
[Round "1"]
[White "Perez Garcia, Jose Miguel"]
[Black "Soliva Ruiz, Ramon"]
[Result "1-0"]
[WhiteElo "2094"]
[BlackElo "1495"]
[PlyCount "59"]
[EventDate "2020.??.??"]

1. e4 c5 2. Nf3 e6 3. c3 Nf6 4. e5 Nd5 5. d4 cxd4 6. cxd4 Bb4+ 7. Nbd2 Nc6 8.
a3 Be7 9. Bd3 Qc7 10. O-O d6 11. Re1 dxe5 12. dxe5 b6 13. Bb5 Bb7 14. Qe2 a6
15. Ba4 b5 16. Bb3 O-O 17. Nf1 Rad8 18. Ng3 Nf4 19. Bxf4 Nd4 20. Nxd4 Rxd4 21.
Be3 Qc6 22. f3 Rd7 23. Rac1 Qxc1 24. Rxc1 Rfd8 25. Rd1 Rxd1+ 26. Bxd1 Bxf3 27.
Qxf3 Bxa3 28. bxa3 Rxd1+ 29. Qxd1 b4 30. Qd8# 1-0

[Event "Open Nuevo Centro. Jornada 5"]
[Site "Chess.com"]
[Date "2020.07.17"]
[Round "1"]
[White "Fernández Martín, Berta"]
[Black "Martínez Escandell, Alfonso"]
[Result "0-1"]
[WhiteElo "634"]
[BlackElo "1739"]
[PlyCount "24"]
[EventDate "2020.??.??"]

1. e4 c5 2. Nf3 e6 3. c3 Nc6 4. d4 cxd4 5. cxd4 d5 6. e5 Bd7 7. Bb5 Nxe5 8.
Bxd7+ Nxd7 9. Bf4 Ngf6 10. Nbd2 Be7 11. O-O O-O 12. Rc1 Rc8 0-1

[Event "Open Nuevo Centro. Jornada 5"]
[Site "Chess.com"]
[Date "2020.07.17"]
[Round "1"]
[White "Grigorev, Artur"]
[Black "Gómez Alonso, Óscar"]
[Result "0-1"]
[WhiteElo "929"]
[BlackElo "1830"]
[PlyCount "42"]
[EventDate "2020.??.??"]

1. e4 c5 2. Nc3 e6 3. Nf3 d5 4. exd5 exd5 5. d4 Nc6 6. dxc5 Bxc5 7. Bb5 Nf6 8.
Bg5 O-O 9. Bxc6 bxc6 10. Bxf6 Qxf6 11. O-O Bg4 12. h3 Bh5 13. g4 Bg6 14. a3 Bd6
15. b4 Rad8 16. Nd4 Qf4 17. Nf3 Be4 18. Kg2 Be5 19. Nxe4 dxe4 20. Qe2 exf3+ 21.
Qxf3 Qh2# 0-1

[Event "Open Nuevo Centro. Jornada 5"]
[Site "Chess.com"]
[Date "2020.07.17"]
[Round "1"]
[White "Orts Tomás, Marc"]
[Black "Cebrian Granado, Fran"]
[Result "1-0"]
[WhiteElo "1706"]
[BlackElo "580"]
[PlyCount "67"]
[EventDate "2020.??.??"]

1. c4 e5 2. g3 Nf6 3. Bg2 Nc6 4. Nc3 Bc5 5. e3 Nb4 6. d4 c6 7. dxc5 d5 8. cxd5
cxd5 9. Nge2 d4 10. exd4 exd4 11. Qa4+ Bd7 12. Qxb4 dxc3 13. Qxc3 Ng4 14. h3
Nf6 15. Bg5 h6 16. Bxf6 gxf6 17. O-O h5 18. Rfe1 f5 19. Qxh8+ Ke7 20. Nf4+ Be6
21. Nd5+ Kd7 22. Nf6+ Ke7 23. Qxd8+ Rxd8 24. Nxh5 Kd7 25. Nf6+ Ke7 26. Nd5+ Ke8
27. Nc7+ Kd7 28. Nxe6 fxe6 29. Rad1+ Ke7 30. Rxd8 Kxd8 31. Rxe6 Kc7 32. Re7+
Kb8 33. Rxb7+ Ka8 34. Rb4# 1-0

[Event "Open Nuevo Centro. Jornada 5"]
[Site "Chess.com"]
[Date "2020.07.17"]
[Round "1"]
[White "Marques Montolio, Luis"]
[Black "Lloret Ramis, Juan José"]
[Result "0-1"]
[WhiteElo "1370"]
[BlackElo "2009"]
[PlyCount "56"]
[EventDate "2020.??.??"]

1. e4 e6 2. d4 d5 3. exd5 exd5 4. Bd3 Bd6 5. Nf3 Nc6 6. c3 Nge7 7. Bg5 O-O 8.
O-O f6 9. Bh4 Nf5 10. Bg3 Nxg3 11. hxg3 Be6 12. Qc2 f5 13. Re1 Qd7 14. Ne5 Nxe5
15. dxe5 Bc5 16. Kf1 Rae8 17. f4 Bb6 18. Nd2 Qf7 19. Ke2 Qh5+ 20. Nf3 Qg4 21.
Rh1 Qxg3 22. Rh2 Qxf4 23. Rah1 h6 24. Rh4 Qe3+ 25. Kd1 c5 26. Be2 d4 27. cxd4
cxd4 28. Re4 fxe4 0-1

[Event "Open Nuevo Centro. Jornada 5"]
[Site "Chess.com"]
[Date "2020.07.17"]
[Round "1"]
[White "Yatseta Fernandez, Marc Kazymyr"]
[Black "Vega Gutiérrez, Sabrina"]
[Result "0-1"]
[WhiteElo "1529"]
[BlackElo "2174"]
[PlyCount "48"]
[EventDate "2020.??.??"]

1. d4 d5 2. c4 e6 3. Nf3 c6 4. g3 dxc4 5. Bg2 b5 6. O-O Bb7 7. Be3 Nf6 8. Nbd2
Nd5 9. Rc1 Be7 10. a4 a6 11. Qc2 O-O 12. b3 c3 13. Nb1 b4 14. Ne5 Nd7 15. Nc4
Qc7 16. Bxd5 cxd5 17. Bf4 Qd8 18. Ne5 Nxe5 19. Bxe5 Bd6 20. f4 f6 21. Bxd6 Qxd6
22. Qd3 e5 23. fxe5 fxe5 24. dxe5 Qxe5 0-1

[Event "Open Nuevo Centro. Jornada 5"]
[Site "Chess.com"]
[Date "2020.07.17"]
[Round "1"]
[White "Lopez Mateo, Juan Carlos"]
[Black "Donate Peris, Jose Manuel"]
[Result "1-0"]
[WhiteElo "2189"]
[BlackElo "1537"]
[PlyCount "47"]
[EventDate "2020.??.??"]

1. e4 e6 2. Nf3 d5 3. e5 c5 4. b4 cxb4 5. a3 bxa3 6. d4 Nc6 7. c3 Bd7 8. Bd3
Nge7 9. Nxa3 a6 10. O-O Ng6 11. Kh1 Be7 12. Re1 O-O 13. g3 f6 14. exf6 Rxf6 15.
Nc2 Rc8 16. Bd2 Bd6 17. Bg5 e5 18. Be2 e4 19. Nd2 Bh3 20. Ne3 Qe7 21. Nxd5 Qe6
22. Bc4 Rxf2 23. Nb6 Rxd2 24. Qxd2 1-0

[Event "Open Nuevo Centro. Jornada 5"]
[Site "Chess.com"]
[Date "2020.07.17"]
[Round "1"]
[White "Gutierrez Marco, Dario"]
[Black "Maestre Soler, Sergio"]
[Result "1-0"]
[WhiteElo "1828"]
[BlackElo "879"]
[PlyCount "57"]
[EventDate "2020.??.??"]

1. e4 e5 2. Nf3 Bc5 3. Bc4 h6 4. Nxe5 Qh4 5. Qf3 Nf6 6. Bxf7+ Kf8 7. Ng6+ Kxf7
8. Nxh4 Bd4 9. c3 Bb6 10. d4 d6 11. O-O Bg4 12. Qg3 g5 13. Nf5 Bxf5 14. exf5
Nc6 15. Nd2 Ne7 16. Qd3 Rae8 17. Nc4 Ned5 18. Nxb6 axb6 19. a3 Nf4 20. Bxf4
gxf4 21. Rfe1 Rxe1+ 22. Rxe1 Ng4 23. h3 Nf6 24. Qc4+ Kg7 25. Qxc7+ Kf8 26.
Qxd6+ Kg7 27. Re7+ Kg8 28. Qd8+ Ne8 29. Qxe8# 1-0

[Event "Open Nuevo Centro. Jornada 5"]
[Site "Chess.com"]
[Date "2020.07.17"]
[Round "1"]
[White "Sendra Tormo, Juan"]
[Black "Rodriguez Rodriguez, Joan David"]
[Result "1-0"]
[WhiteElo "2259"]
[BlackElo "1576"]
[PlyCount "43"]
[EventDate "2020.??.??"]

1. e4 e5 2. Nc3 Nc6 3. f4 exf4 4. Nf3 Be7 5. d4 d6 6. Bc4 Nh6 7. Bxf4 Ng4 8.
Qd2 O-O 9. O-O-O Be6 10. d5 Na5 11. Bd3 Bd7 12. h3 Nf6 13. e5 dxe5 14. Bxe5 c6
15. d6 Bxd6 16. Bxd6 Re8 17. Rhe1 b6 18. Qf4 Nb7 19. Be5 Nh5 20. Bxh7+ Kh8 21.
Qxf7 Kxh7 22. Rxd7 1-0

[Event "Open Nuevo Centro. Jornada 5"]
[Site "Chess.com"]
[Date "2020.07.17"]
[Round "1"]
[White "Jordan Martinez, David"]
[Black "Luque Saiz, Andrés"]
[Result "1-0"]
[WhiteElo "1841"]
[BlackElo "1936"]
[PlyCount "33"]
[EventDate "2020.??.??"]

1. e4 c6 2. d4 d5 3. exd5 cxd5 4. c4 Nf6 5. Nc3 Nc6 6. Bg5 Be6 7. a3 Rc8 8. Nf3
g6 9. g3 Bg7 10. Bg2 O-O 11. c5 Ne4 12. O-O Nxg5 13. Nxg5 Nxd4 14. Nxe6 fxe6
15. Re1 Qd7 16. b4 Nf5 17. Rc1 1-0

[Event "Open Nuevo Centro. Jornada 5"]
[Site "Chess.com"]
[Date "2020.07.17"]
[Round "1"]
[White "Zamora Soler, Raul"]
[Black "Martínez Cuenca, Adrián"]
[Result "1-0"]
[WhiteElo "1798"]
[BlackElo "654"]
[PlyCount "45"]
[EventDate "2020.??.??"]

1. e4 e5 2. Nf3 Nc6 3. d4 exd4 4. Nxd4 Nxd4 5. Qxd4 d6 6. Bc4 c5 7. Bb5+ Ke7 8.
Qd3 g6 9. Nc3 f5 10. O-O fxe4 11. Qxe4+ Kf7 12. Bc4+ d5 13. Nxd5 Qa5 14. Bg5 b5
15. Nc7+ Be6 16. Bxe6+ Kg7 17. Nxa8 Bd6 18. Bxg8 Rxg8 19. Rfd1 h5 20. Rxd6 Rxa8
21. Rd7+ Kg8 22. Qxa8+ Qd8 23. Qxd8# 1-0

[Event "Open Nuevo Centro. Jornada 5"]
[Site "Chess.com"]
[Date "2020.07.17"]
[Round "1"]
[White "Castellano López, Javier"]
[Black "Morata Briones, Carlos"]
[Result "1-0"]
[WhiteElo "1872"]
[BlackElo "961"]
[PlyCount "47"]
[EventDate "2020.??.??"]

1. d4 d5 2. c4 Nf6 3. Nc3 dxc4 4. e3 e6 5. Bxc4 Bb4 6. Nf3 O-O 7. O-O Nc6 8. a3
Ba5 9. b4 Bb6 10. Qc2 Bd7 11. Bb2 Rb8 12. Rad1 a6 13. d5 exd5 14. Nxd5 Nxd5 15.
Rxd5 Qc8 16. Rg5 g6 17. Qc3 Nd4 18. Nxd4 Be6 19. Nxe6 f6 20. Nxf8+ Kg7 21.
Qxf6+ Kh6 22. Rxg6+ Kh5 23. Rh6+ Kg4 24. h3# 1-0

[Event "Open Nuevo Centro. Jornada 5"]
[Site "Chess.com"]
[Date "2020.07.17"]
[Round "1"]
[White "Llorens Ferrer, Francisco"]
[Black "Macias Pino, Diego"]
[Result "0-1"]
[WhiteElo "1605"]
[BlackElo "2264"]
[PlyCount "50"]
[EventDate "2020.??.??"]

1. Nf3 d5 2. g3 Nf6 3. Bg2 c5 4. O-O Nc6 5. b3 Bg4 6. Bb2 e6 7. d3 Be7 8. Nbd2
O-O 9. e4 Nd4 10. Bxd4 cxd4 11. h3 Bh5 12. g4 Bg6 13. e5 Nd7 14. Nxd4 Nxe5 15.
Re1 Nc6 16. N2f3 Bf6 17. c3 Nxd4 18. Nxd4 Bxd4 19. cxd4 Qb6 20. Qd2 Qxd4 21.
Rad1 Rac8 22. Bf1 Rc3 23. Re3 Rfc8 24. Qb2 Qf4 25. Kg2 Rc2 0-1

[Event "Open Nuevo Centro. Jornada 5"]
[Site "Chess.com"]
[Date "2020.07.17"]
[Round "1"]
[White "Gimeno Higueras, Roberto"]
[Black "Garrido Silos, Pablo"]
[Result "1-0"]
[WhiteElo "2077"]
[BlackElo "1431"]
[PlyCount "59"]
[EventDate "2020.??.??"]

1. e4 e6 2. d4 d5 3. Nc3 Nf6 4. e5 Nfd7 5. f4 c5 6. Nf3 Nc6 7. Be3 a6 8. Qd2 b5
9. a3 Be7 10. O-O-O Qb6 11. Be2 c4 12. f5 a5 13. fxe6 fxe6 14. Ng5 Bxg5 15.
Bxg5 O-O 16. Bg4 Re8 17. h4 b4 18. Nb1 bxa3 19. bxa3 Rb8 20. Qf4 Qxb1+ 21. Kd2
Qb2 22. Ke3 Qc3+ 23. Kf2 Qxc2+ 24. Kg3 Rb3+ 25. Kh2 Qa2 26. Rdf1 Qxa3 27. Qf7+
Kh8 28. Qxe8+ Qf8 29. Rxf8+ Nxf8 30. Qxf8# 1-0

[Event "Open Nuevo Centro. Jornada 5"]
[Site "Chess.com"]
[Date "2020.07.17"]
[Round "1"]
[White "Yuste Valenzuela, Alejandro"]
[Black "Fitzpatrick Dimas, Kevin"]
[Result "1-0"]
[WhiteElo "1846"]
[BlackElo "956"]
[PlyCount "67"]
[EventDate "2020.??.??"]

1. e4 e5 2. Nf3 Nc6 3. d4 exd4 4. Bc4 d6 5. Nxd4 Nxd4 6. Qxd4 Nf6 7. Nc3 Bd7 8.
Be3 c5 9. Qd2 Bc6 10. f3 Be7 11. O-O-O a6 12. Nd5 O-O 13. Nxe7+ Qxe7 14. Qxd6
Qxd6 15. Rxd6 Ne8 16. Rd2 h6 17. Bxc5 Nd6 18. Bxd6 Rfd8 19. Rhd1 Re8 20. Bd5
Bb5 21. c4 Bxc4 22. Bxc4 Rac8 23. b3 b5 24. Rc2 bxc4 25. Rxc4 Rcd8 26. Rcd4
Rc8+ 27. Kb2 Rb8 28. Bxb8 Rxb8 29. Rd8+ Rxd8 30. Rxd8+ Kh7 31. Rd7 f6 32. Rd6
a5 33. Ra6 Kg6 34. Rxa5 1-0

[Event "Open Nuevo Centro. Jornada 5"]
[Site "Chess.com"]
[Date "2020.07.17"]
[Round "1"]
[White "Granero Roca, Antonio"]
[Black "Chofre Murcia, Adrián"]
[Result "1-0"]
[WhiteElo "2436"]
[BlackElo "1665"]
[PlyCount "67"]
[EventDate "2020.??.??"]

1. Nf3 d5 2. g3 e6 3. Bg2 Bd6 4. O-O Nf6 5. d4 O-O 6. c4 dxc4 7. Nbd2 Bd7 8.
Nxc4 Bb5 9. b3 Nbd7 10. Bb2 Nd5 11. e4 Bxc4 12. bxc4 Ne7 13. c5 Bxc5 14. dxc5
Nxc5 15. Qxd8 Raxd8 16. Ba3 b6 17. Rfc1 Rfe8 18. Bxc5 bxc5 19. Rxc5 c6 20. Ne5
Rc8 21. Rac1 f6 22. Nxc6 Nxc6 23. Rxc6 Rb8 24. Rc7 Rb2 25. Rxa7 h6 26. Rcc7
Rb1+ 27. Bf1 Rd8 28. Rxg7+ Kf8 29. Raf7+ Ke8 30. Kg2 Rdd1 31. Be2 Rg1+ 32. Kh3
Rge1 33. Bh5 Kd8 34. Rf8# 1-0

[Event "Open Nuevo Centro. Jornada 5"]
[Site "Chess.com"]
[Date "2020.07.17"]
[Round "1"]
[White "Fernández Martin, Carlos"]
[Black "Rabbani Perez, Oumaima"]
[Result "1-0"]
[WhiteElo "1720"]
[BlackElo "629"]
[PlyCount "67"]
[EventDate "2020.??.??"]

1. e4 e6 2. d4 d6 3. Bd3 Be7 4. Bd2 Bd7 5. Nf3 Nc6 6. O-O Nf6 7. Nc3 O-O 8. Re1
h6 9. d5 exd5 10. exd5 Nb4 11. Bc4 Na6 12. a4 Nc5 13. b4 Na6 14. Qe2 Nxb4 15.
Qxe7 Nxc2 16. Qxd8 Rfxd8 17. Nb5 Nxa1 18. Rxa1 Rdc8 19. Nfd4 a6 20. Nc3 Ng4 21.
h3 Ne5 22. Bf1 Nd3 23. Bxd3 f6 24. Nf5 Bxf5 25. Bxf5 b5 26. Bxc8 bxa4 27. Bb7
Rb8 28. Bxa6 Ra8 29. Rxa4 c6 30. dxc6 Ra7 31. Bc4+ Kf8 32. Rxa7 g5 33. c7 d5
34. c8=Q# 1-0

[Event "Open Nuevo Centro. Jornada 5"]
[Site "Chess.com"]
[Date "2020.07.17"]
[Round "1"]
[White "Alvarez Usina, Jordi"]
[Black "Angullo Gil, Jose"]
[Result "0-1"]
[WhiteElo "1310"]
[BlackElo "1996"]
[PlyCount "44"]
[EventDate "2020.??.??"]

1. d4 g6 2. Bf4 Bg7 3. e3 d6 4. Nf3 Nd7 5. Nbd2 e5 6. Bg3 Ne7 7. c3 Nf5 8. Qc2
O-O 9. Bd3 Nxg3 10. hxg3 d5 11. Be2 e4 12. Ng1 c6 13. f3 Qg5 14. O-O-O exf3 15.
Ngxf3 Qxe3 16. Rde1 Qf2 17. Rh2 Nf6 18. Bd3 Qxg3 19. Reh1 h5 20. Ne5 Ng4 21.
Nxg4 Bxg4 22. Qb3 b5 0-1

[Event "Open Nuevo Centro. Jornada 5"]
[Site "Chess.com"]
[Date "2020.07.17"]
[Round "1"]
[White "Garcia Trobat, Francisco"]
[Black "Soler Nadal, Jose Antonio"]
[Result "1-0"]
[WhiteElo "2164"]
[BlackElo "1521"]
[PlyCount "43"]
[EventDate "2020.??.??"]

1. Nf3 f5 2. d3 Nf6 3. e4 d6 4. exf5 Bxf5 5. d4 Bg4 6. h3 Bh5 7. Bd3 e5 8. g4
e4 9. gxh5 exd3 10. Qxd3 Qe7+ 11. Kd1 Qd7 12. Re1+ Be7 13. Ng5 O-O 14. Ne6 Re8
15. h6 g6 16. Bg5 Bd8 17. Nxd8 Rxe1+ 18. Kxe1 Qxd8 19. Kf1 Nc6 20. Nd2 Qd7 21.
Bxf6 Nb4 22. Qc4+ 1-0

[Event "Open Nuevo Centro. Jornada 5"]
[Site "Chess.com"]
[Date "2020.07.17"]
[Round "1"]
[White "Gukasov, Artem"]
[Black "Martin Ayala, David"]
[Result "0-1"]
[WhiteElo "1486"]
[BlackElo "2085"]
[PlyCount "46"]
[EventDate "2020.??.??"]

1. e4 d5 2. exd5 Nf6 3. c4 c6 4. dxc6 Nxc6 5. Nc3 e5 6. d3 e4 7. dxe4 Qxd1+ 8.
Kxd1 Bg4+ 9. f3 O-O-O+ 10. Kc2 Nd4+ 11. Kb1 Be6 12. Be3 Bb4 13. Nge2 Nc6 14.
Nd5 Rhe8 15. Nd4 Nxd5 16. cxd5 Bxd5 17. Nxc6 Bxc6 18. Kc2 f5 19. Bg5 Rd7 20.
Bd3 fxe4 21. fxe4 Bxe4 22. Bxe4 Rxe4 23. Rhe1 Bxe1 0-1

[Event "Open Nuevo Centro. Jornada 5"]
[Site "Chess.com"]
[Date "2020.07.17"]
[Round "1"]
[White "Chernikov, Vladimir"]
[Black "Bascuñana Sánchez, Pablo"]
[Result "1-0"]
[WhiteElo "2211"]
[BlackElo "1561"]
[PlyCount "73"]
[EventDate "2020.??.??"]

1. b3 Nf6 2. Bb2 g6 3. Bxf6 exf6 4. c4 Bg7 5. Nc3 Nc6 6. g3 d6 7. Bg2 O-O 8. e3
f5 9. Nge2 Be6 10. O-O Rb8 11. d4 Ne7 12. Rc1 c5 13. Qd3 cxd4 14. exd4 d5 15.
c5 a6 16. b4 b5 17. Rfe1 Nc6 18. a3 Qd7 19. Rcd1 Rfd8 20. h4 h5 21. Kh2 Qe7 22.
Qf3 Qd7 23. Qf4 Rdc8 24. Rd3 Kh7 25. Red1 Rd8 26. Qf3 Bf6 27. Nf4 Nxd4 28. Rxd4
Bxd4 29. Rxd4 Rbc8 30. Ncxd5 Bxd5 31. Nxd5 Qe8 32. Nf6+ Kg7 33. Nxe8+ Rxe8 34.
Rd7 Red8 35. Qb7 Rxd7 36. Qxd7 Ra8 37. Bxa8 1-0

[Event "Open Nuevo Centro. Jornada 5"]
[Site "Chess.com"]
[Date "2020.07.17"]
[Round "1"]
[White "Pedros Viudes, Santiago"]
[Black "Pardo Ruiz, Beatriz"]
[Result "1-0"]
[WhiteElo "1980"]
[BlackElo "1300"]
[PlyCount "55"]
[EventDate "2020.??.??"]

1. d4 d5 2. Nf3 Nc6 3. Bf4 Bf5 4. e3 a6 5. c4 e6 6. c5 Nf6 7. Qa4 Be7 8. Ne5 b5
9. cxb6 O-O 10. Nxc6 Qe8 11. Nxe7+ Qxe7 12. Bxc7 Rac8 13. Bxa6 Ra8 14. Qb5 Ne4
15. O-O Qf6 16. b7 Rab8 17. Bxb8 Rxb8 18. Qc6 Qd8 19. Qc8 Rxc8 20. bxc8=Q Qxc8
21. Bxc8 Nf6 22. a4 Ne4 23. a5 Nd6 24. Ba6 h6 25. Be2 Kh7 26. a6 Kh8 27. a7 Kh7
28. a8=Q 1-0

[Event "Open Nuevo Centro. Jornada 5"]
[Site "Chess.com"]
[Date "2020.07.17"]
[Round "1"]
[White "Bercaru, Vlad Ionut"]
[Black "Méndez Giménez, Néstor Emmanuel"]
[Result "1-0"]
[WhiteElo "1930"]
[BlackElo "1158"]
[PlyCount "109"]
[EventDate "2020.??.??"]

1. c4 e6 2. Nc3 d5 3. cxd5 exd5 4. d4 Nf6 5. Nf3 Bb4 6. Bd2 Nc6 7. e3 Bf5 8. a3
Ba5 9. b4 Bb6 10. Bb5 a5 11. O-O O-O 12. Bxc6 bxc6 13. Ne5 Qd6 14. bxa5 Bxa5
15. Ne2 Bxd2 16. Qxd2 Ra7 17. Rfc1 Rxa3 18. Rxa3 Qxa3 19. Rxc6 Qa1+ 20. Rc1 Qa7
21. h3 Nd7 22. Nc6 Qb7 23. Ne7+ Kh8 24. Nxf5 Nf6 25. Nfg3 Rb8 26. Qc2 Ne4 27.
Nxe4 dxe4 28. Ng3 f5 29. Qxc7 Qb3 30. Qc8+ Rxc8 31. Rxc8+ Qg8 32. Rxg8+ Kxg8
33. Nxf5 Kf7 34. Kh2 Ke6 35. Ng3 Kd6 36. Ne2 Kd5 37. Kg3 Ke6 38. Kf4 Kd5 39.
Nc3+ Ke6 40. Kxe4 g5 41. d5+ Kd6 42. f4 gxf4 43. exf4 h5 44. g4 hxg4 45. hxg4
Ke7 46. Ke5 Kd7 47. f5 Ke7 48. f6+ Ke8 49. Ke6 Kf8 50. d6 Ke8 51. f7+ Kf8 52.
d7 Kg7 53. d8=Q Kh7 54. Qg8+ Kh6 55. f8=Q# 1-0

[Event "Open Nuevo Centro. Jornada 5"]
[Site "Chess.com"]
[Date "2020.07.17"]
[Round "1"]
[White "Valero Artagoitia, Sara"]
[Black "Montesinos Diaz, Luis"]
[Result "0-1"]
[WhiteElo "602"]
[BlackElo "1710"]
[PlyCount "92"]
[EventDate "2020.??.??"]

1. e4 c6 2. Nc3 d5 3. e5 c5 4. Nf3 Nc6 5. Bb5 Bg4 6. O-O e6 7. d3 Qb6 8. Be3 d4
9. Bxd4 cxd4 10. Ne2 Qxb5 11. Nexd4 Nxd4 12. Nxd4 Bxd1 13. Nxb5 Bxc2 14. Nc7+
Kd7 15. Nxa8 Ba4 16. Rac1 Bc6 17. Nc7 Kxc7 18. a4 Nh6 19. b3 Bb4 20. d4 Rd8 21.
Rc2 Rxd4 22. Rfc1 Nf5 23. Rxc6+ bxc6 24. g4 Rxg4+ 25. Kf1 Nd4 26. Rd1 a5 27. f3
Nxf3 28. Rd3 Nxe5 29. Re3 f6 30. h3 Rf4+ 31. Ke2 Bc5 32. Rc3 Rf2+ 33. Kd1 Bb4
34. Re3 Rd2+ 35. Ke1 Nd3+ 36. Kf1 Rf2+ 37. Kg1 Bc5 38. Rxd3 Rd2+ 39. Kf1 Rxd3
40. b4 axb4 41. a5 b3 42. a6 Rd2 43. a7 Bxa7 44. Ke1 Be3 45. Kf1 b2 46. Ke1
b1=Q# 0-1

[Event "Open Nuevo Centro. Jornada 5"]
[Site "Chess.com"]
[Date "2020.07.17"]
[Round "1"]
[White "Randazzo, Adrián"]
[Black "Birnoveanu, Petru"]
[Result "1-0"]
[WhiteElo "2478"]
[BlackElo "1697"]
[PlyCount "59"]
[EventDate "2020.??.??"]

1. e4 Nc6 2. Nc3 e5 3. Nf3 Bc5 4. Nxe5 Bxf2+ 5. Kxf2 Nxe5 6. d4 Ng6 7. Bc4 c6
8. Qf3 Qf6 9. Be3 Qxf3+ 10. gxf3 b5 11. Bd3 N8e7 12. e5 O-O 13. Ne4 d5 14. exd6
Nd5 15. Bd2 f5 16. Nc5 Rd8 17. Rhe1 Kf7 18. a4 Rxd6 19. axb5 cxb5 20. Bxb5 a6
21. Bc4 Nge7 22. b4 Rb8 23. Bb3 Kf6 24. c3 h6 25. h4 f4 26. Ne4+ Ke6 27. Nxd6+
Kxd6 28. Re4 g5 29. hxg5 hxg5 30. Rg1 1-0

[Event "Open Nuevo Centro. Jornada 5"]
[Site "Chess.com"]
[Date "2020.07.17"]
[Round "1"]
[White "Cebolla Ruiz, David"]
[Black "Gil López, Alejandro"]
[Result "0-1"]
[WhiteElo "1514"]
[BlackElo "2155"]
[PlyCount "120"]
[EventDate "2020.??.??"]

1. e4 c5 2. Nf3 g6 3. d4 cxd4 4. Nxd4 Bg7 5. Nc3 Nc6 6. Be3 Nf6 7. f3 O-O 8.
Bc4 d6 9. Qd2 Bd7 10. O-O-O Na5 11. Bb3 Nxb3+ 12. Nxb3 a5 13. h4 b5 14. g4 b4
15. Nd5 Nxd5 16. exd5 a4 17. Nd4 b3 18. axb3 axb3 19. Nxb3 Ra2 20. Bd4 Bxd4 21.
Qxd4 Ba4 22. h5 Bxb3 23. cxb3 Qa5 24. Qc3 Qa6 25. Qd3 Qxd3 26. Rxd3 Ra1+ 27.
Kd2 Rxh1 28. hxg6 fxg6 29. b4 Rh2+ 30. Kc3 Rc8+ 31. Kb3 Rcc2 32. Rc3 Rxc3+ 33.
bxc3 Kf8 34. Ka4 Ke8 35. Kb5 Kd7 36. c4 Rc2 37. c5 dxc5 38. bxc5 e6 39. c6+ Kd6
40. dxe6 Rxc6 41. e7 Rc8 42. e8=Q Rxe8 43. g5 Re4 44. fxe4 Ke5 45. Kc4 Kxe4 46.
Kc3 Kf5 47. Kd3 Kxg5 48. Ke3 h5 49. Kf2 Kh4 50. Kg2 g5 51. Kh2 g4 52. Kg2 Kg5
53. Kg3 h4+ 54. Kg2 Kf4 55. Kf2 g3+ 56. Kg2 Kg4 57. Kg1 h3 58. Kh1 Kf3 59. Kg1
h2+ 60. Kh1 g2+ 0-1

[Event "Open Nuevo Centro. Jornada 5"]
[Site "Chess.com"]
[Date "2020.07.17"]
[Round "1"]
[White "Donate Moreno, David"]
[Black "Segarra Martinez, Axel"]
[Result "0-1"]
[WhiteElo "1575"]
[BlackElo "2218"]
[PlyCount "80"]
[EventDate "2020.??.??"]

1. e4 e6 2. d4 d5 3. Bd3 Nf6 4. exd5 exd5 5. Nf3 Bd6 6. O-O O-O 7. c3 Bg4 8.
Nbd2 c6 9. Re1 Nbd7 10. Qc2 Qc7 11. h3 Bh5 12. Bf5 Rfe8 13. Rxe8+ Rxe8 14. Kf1
Bg6 15. Bxg6 hxg6 16. Nb3 Ne4 17. Be3 a5 18. Nbd2 f5 19. Re1 f4 20. Ne5 fxe3
21. Nxe4 Bxe5 22. Rxe3 Bf4 23. Rf3 Rxe4 24. g3 Bd6 25. Rd3 Nf6 26. f3 Re8 27.
Rd2 Bxg3 28. Qxg6 Re1+ 29. Kg2 Bf4 30. Rf2 Qf7 31. Qf5 Nh5 32. Qc8+ Kh7 33. Qg4
Bd6 34. Rd2 Qg6 35. Kf2 Bg3+ 36. Kg2 Nf4+ 37. Kxg3 Rg1+ 38. Rg2 Rxg2+ 39. Kh4
Qh6+ 40. Qh5 Qxh5# 0-1

[Event "Open Nuevo Centro. Jornada 5"]
[Site "Chess.com"]
[Date "2020.07.17"]
[Round "1"]
[White "Bosch Jordà, Ricard"]
[Black "Ainsa Jimenez, Lucas"]
[Result "1-0"]
[WhiteElo "1898"]
[BlackElo "1034"]
[PlyCount "71"]
[EventDate "2020.??.??"]

1. e4 e5 2. Nf3 Nc6 3. Bb5 a6 4. Ba4 b5 5. Bb3 Nf6 6. O-O Nxe4 7. Re1 Nf6 8.
Nxe5 Nxe5 9. Rxe5+ Be7 10. d4 O-O 11. c3 d6 12. Re1 Re8 13. Bg5 Bb7 14. Nd2 h6
15. Bh4 a5 16. Bc2 c5 17. Bxf6 Bxf6 18. Ne4 cxd4 19. Nxf6+ Qxf6 20. Qd3 Rxe1+
21. Rxe1 g6 22. cxd4 Qg5 23. Qg3 Qd5 24. Be4 Qe6 25. f3 d5 26. Bd3 Qd7 27. Qe5
Bc6 28. Qe7 Qxe7 29. Rxe7 a4 30. Rc7 Ra6 31. Rc8+ Kg7 32. a3 Rb6 33. Rc7 h5 34.
Kf2 Kf6 35. Kg3 Be8 36. f4 1-0

[Event "Open Nuevo Centro. Jornada 5"]
[Site "Chess.com"]
[Date "2020.07.17"]
[Round "1"]
[White "Hernández Tomás, Efrén"]
[Black "Cantero Navarro, Antonio"]
[Result "0-1"]
[WhiteElo "1002"]
[BlackElo "1877"]
[PlyCount "104"]
[EventDate "2020.??.??"]

1. e4 c5 2. Nf3 Nc6 3. Bc4 e6 4. Nc3 a6 5. O-O b5 6. Be2 Bb7 7. a3 d6 8. b4
cxb4 9. axb4 Nxb4 10. Ba3 Nc6 11. d3 b4 12. Qb1 a5 13. Nd1 Qc7 14. Bb2 Nf6 15.
Ne3 Be7 16. Bxf6 Bxf6 17. Ra4 O-O 18. Qb3 Nd4 19. Nxd4 Bxd4 20. Rc1 Rfc8 21. h3
Bc6 22. Ra2 Qb6 23. Nc4 Bxf2+ 24. Kf1 Qc5 25. c3 bxc3 26. Qxc3 Bd4 27. Qd2 Bb5
28. Raa1 Bxa1 29. Rxa1 Bxc4 30. Rxa5 Qxa5 31. Qxa5 Rxa5 32. dxc4 Ra2 33. Kf2
Rxc4 34. Kf3 Rxe2 35. Kxe2 Rxe4+ 36. Kd3 d5 37. g3 e5 38. g4 g5 39. Kd2 d4 40.
Kd3 Re3+ 41. Kc4 Rxh3 42. Kd5 f6 43. Ke4 Kg7 44. Kf5 d3 45. Ke6 d2 46. Ke7 d1=Q
47. Ke6 Qb3+ 48. Kf5 Qf7 49. Ke4 Kf8 50. Kf5 Ke7 51. Ke4 Kd6 52. Kf5 Qg6# 0-1

[Event "Open Nuevo Centro. Jornada 5"]
[Site "Chess.com"]
[Date "2020.07.17"]
[Round "1"]
[White "Reig Albero, Ferran"]
[Black "Martínez Cuenca, Jose Andrés"]
[Result "1-0"]
[WhiteElo "1830"]
[BlackElo "949"]
[PlyCount "59"]
[EventDate "2020.??.??"]

1. e4 c5 2. Nf3 g6 3. d4 cxd4 4. Nxd4 Nc6 5. Nc3 Bg7 6. Be3 d6 7. Bc4 Nxd4 8.
Bxd4 Nf6 9. O-O Bd7 10. Bb3 e6 11. Bxf6 Bxf6 12. Qxd6 Be7 13. Qd2 Bf6 14. Rad1
Bc6 15. Qf4 Qe7 16. e5 Bg5 17. Qg4 O-O 18. Qh3 Rad8 19. Qg4 Rxd1 20. Rxd1 Rd8
21. g3 Rxd1+ 22. Qxd1 f5 23. Qd6 Bf3 24. Qxe7 Bxe7 25. Bxe6+ Kf8 26. Bd5 Ke8
27. Bxf3 Bc5 28. Bxb7 Bd4 29. e6 Ke7 30. Bd5 1-0